01689nam a2200397 a 4500001001000000003000500010005001700015008004100032010001100073011001100084040000900095090001000104100004800114245019600162260004100358500006000399502007700459590004100536590004100577590004000618590004000658590004000698590004000738590004000778650004000818650005400858650004800912650003800960700005000998856007001048901000701118942001001125942000601135999001901141952013101160000115194CHAP20220329144522.0181123s2018 mx a sm |||||||spa d a111655 a112627 cCHAP aTesis1 aSalazar Rivera, María de Lourdes.913618110aManejo alternativo de la pudrición blanca (Sclerotium cepivorum Berk) en ajo (Allium sativum L.) /h[En línea]cpor Maria de Lourdes Salazar Rivera y Julio Cezar Concepción Hernández. aChapingo, Méx. :bEl autor,c2018. aPara ver el contenido del material haga clic en la liga aTesis (Ing. Agr. Esp. en Fitotecnia) -- UACH. Departamento de Fitotecnia aBATCH-UPDb10c20190619lUCH01h1009 aE11695DGDb10c20190619lUCH01h1008 aE8697GMMb05c20181123lUCH01h1355 aE8697GMMb05c20181123lUCH01h1357 aE8697GMMb05c20181126lUCH01h0856 aE8697GMMb05c20181203lUCH01h1229 aE8697GMMb05c20190517lUCH01h142814aAjoxEnfermedades por hongos.9318514aAjoxVariedades resistentes a enfermedades.9321814aExtractos vegetales como fungicida.912963914aFungicidasxAplicación.91266041 aConcepción Hernández Julio Cezar.9136182 aFinding aiduhttp://10.13.5.2/tesis/sist115194.pdfzTeclea aquí aBK cTESIS n0 c111655d111655 00104054718TESISaBCbBCd2018-11-23fTESISl0oTesisp115202-10r2019-12-31 00:00:00w2019-12-31yTESISzRecien adquirido